Об обследовании Тифлиского Городского Совета в 1928 г.

Доступно только в Электронных читальных залах Найти на картеНа карте
RUSMARC
00004421nmc2a22003133x 450
00173d0e705-b482-4a40-afb8-9bc1e27308a2
00520221202103954.0
100##$a20221115l19281929k y0rusy50 ca
1010#$arus
$ageo
102##$aRU
105##$aa z |||||
1222#$ad19280609
$ad19291018
1220#$ad1928
2001#$aОб обследовании Тифлиского Городского Совета в 1928 г.
$j09.06.1928 - 18.10.1929
215##$a383 листа
$cтабл., ил.
251##$cДело
300##$aНа папке дела: 9 апреля 1928 г. - 18 октября 1929 г.
300##$aЧасть текста на грузинском языке
300##$aНумерация начинается с конца дела
300##$aЛисты: 326-326ш, 325-325х - брошюры - 2 шт.; 267 - газетный лист; 111 и 112, 167а и 168 - между листами чистый лист
300##$aЧасть текста машинописная и рукописная, часть - напечатана типографским способом
324##$aВ деле имеются копии отдельных документов
461#0$1001796d4672-8a00-4986-b488-6e42273792cc
$12001
$aЦЕНТРАЛЬНЫЙ ИСПОЛНИТЕЛЬНЫЙ КОМИТЕТ СССР (ЦИК СССР).
$1251
$cФонд
$1852
$gР
$j3316
462#0$100105a5690e-dde9-41ae-9613-7cb8e363af84
$12001
$aДела Секретариата Президиума ЦИК СССР. 1928 г.
$vД. 793
$1251
$cОпись
$1852
$j21
60101$3RU\NLR\AUTH\880357276
$aСССР
$bЦИК
60102$aТифлисский Городской Совет
801#0$aRU
$bGA_RF
801#1$aRU
$bГлавНИВЦ
$c20221115
$2rusmarc
801#2$aRU
$bПБ им. Б.Н. Ельцина
$c20221202
$gRCR
$2rusmarc
852##$aГА РФ
$j793
937##$d181159524
$hГАРФ
035##$aRuPRLIB51069011
856##$uhttp://readingroom.main.prlib.ru/item.aspx?id_node=n181159524&mode=full
Формат отображения